Statistiken für Star Wars TCW Klone

Klicken Sie hier um das Quiz zu spielen!

Allgemein

  • Dieses Quiz wurde 1.021 mal gespielt
  • Das Durchschnittsergebnis liegt bei 64 aus 80

Antwortstatistiken

FrageKachelSelect% Korrekt
Welche Staffel führt Captain Rex an?41. ElitekorpsNein
96%
Welche Staffel führt Captain Rex an?41. RangerplatoonNein
96%
Welche Staffel führt Captain Rex an?7. SternenkorpsNein
96%
Welche Staffel führt Captain Rex an?91. AufklärungskorpsNein
96%
Was für ein Soldat war Fives am Ende?JediNein
96%
Was für ein Soldat war Fives am Ende?PilotNein
96%
Was bildeten Echo, Fives, Hevy, Cutup, Droidbait?XNein
96%
Was für ein Soldat war Fives am Ende?XNein
96%
Was für ein Soldat war Fives am Ende?XNein
96%
Wie starb Hevy?XNein
96%
Wie starb Hevy?XNein
96%
Was bildeten Echo, Fives, Hevy, Cutup, Droidbait?XNein
96%
Was bildeten Echo, Fives, Hevy, Cutup, Droidbait?XNein
96%
Was bildeten Echo, Fives, Hevy, Cutup, Droidbait?xNein
96%
Was bildeten Echo, Fives, Hevy, Cutup, Droidbait?XNein
96%
Was bildeten Echo, Fives, Hevy, Cutup, Droidbait?XNein
96%
Was für ein Soldat war Fives am Ende?XNein
96%
Was bildeten Echo, Fives, Hevy, Cutup, Droidbait?XNein
96%
Was bildeten Echo, Fives, Hevy, Cutup, Droidbait?XNein
96%
Was bildeten Echo, Fives, Hevy, Cutup, Droidbait?XNein
96%
Was bildeten Echo, Fives, Hevy, Cutup, Droidbait?XNein
96%
Was bildeten Echo, Fives, Hevy, Cutup, Droidbait?XNein
96%
Wie starb Hevy?XNein
96%
Wie starb Hevy?XNein
96%
Wie starb Hevy?XNein
96%
Was für ein Soldat war Fives am Ende?XNein
96%
Was für ein Soldat war Fives am Ende?XNein
96%
Wie starb Hevy?XNein
96%
Wie starb Hevy?XNein
96%
Wie starb Hevy?XNein
96%
Welche Staffel führt Captain Rex an?XNein
96%
Welche Staffel führt Captain Rex an?XNein
96%
Welche Staffel führt Captain Rex an?XNein
96%
Welche Staffel führt Captain Rex an?XNein
96%
Welche Staffel führt Captain Rex an?XNein
96%
Welche Staffel führt Captain Rex an?XNein
96%
Welche Staffel führt Captain Rex an?XNein
96%
Was für ein Soldat war Fives am Ende?XNein
96%
Welche Staffel führt Captain Rex an?XNein
96%
Wie starb Hevy?XNein
96%
Wie starb Hevy?XNein
96%
Wie starb Hevy?XNein
96%
Was für ein Soldat war Fives am Ende?XNein
96%
Was für ein Soldat war Fives am Ende?XNein
96%
Was für ein Soldat war Fives am Ende?XNein
96%
Was für ein Soldat war Fives am Ende?XNein
96%
Wie starb Hevy?XNein
96%
Wie starb Hevy?Er wurde von General Grievous mit dem Lichtschwert getötetNein
95%
Was bildeten Echo, Fives, Hevy, Cutup, Droidbait?MauMau-SquadNein
95%
Was bildeten Echo, Fives, Hevy, Cutup, Droidbait?Medioffiziers-EinheitNein
95%
Welche Staffel führt Captain Rex an?XNein
95%
Welche Staffel führt Captain Rex an?XNein
95%
Wie starb Hevy?Er wurde von einem Rishi-Aal gefressenNein
94%
Was bildeten Echo, Fives, Hevy, Cutup, Droidbait?501. LegionNein
93%
Welche Staffel führt Captain Rex an?212. AngriffsbataillonNein
92%
Was für ein Soldat war Fives am Ende?Captain der 501. LegionNein
92%
Was für ein Soldat war Fives am Ende?SergeantNein
92%
Welche Staffel führt Captain Rex an?501. LegionJa
91%
Wie starb Hevy?Er wurde von Kommandodroiden getötet weil er O´Niner retten wollteNein
91%
Wie starb Hevy?Er hat sich in die Luft gesprengt und damit alle gerettetJa
88%
Was für ein Soldat war Fives am Ende?CommanderNein
87%
Was bildeten Echo, Fives, Hevy, Cutup, Droidbait?Advanced Recon CommandoNein
86%
Was bildeten Echo, Fives, Hevy, Cutup, Droidbait?Domino-SquadJa
81%
Was für ein Soldat war Fives am Ende?Advanced Recon Commando (ARC)Ja
79%
Wer sind deine lieblings Klone?Rex, Cody, WolffeJa
43%
Wer sind deine lieblings Klone?RexJa
40%
Wer sind deine lieblings Klone?FivesJa
37%
Wer sind deine lieblings Klone?EchoJa
28%
Wer sind deine lieblings Klone?CodyJa
23%
Wer sind deine lieblings Klone?WolffeJa
17%
Wer sind deine lieblings Klone?HevyJa
16%
Wer sind deine lieblings Klone?Domino SquadJa
15%
Wer sind deine lieblings Klone?andere...Ja
13%
Wer sind deine lieblings Klone?Boost, Waxer, BoilJa
13%
Wer sind deine lieblings Klone?GreeJa
11%
Wer sind deine lieblings Klone?SinkerJa
8%
Wer sind deine lieblings Klone?Sinker, Wolffe, DenalJa
8%
Wer sind deine lieblings Klone?CutupJa
7%
Wer sind deine lieblings Klone?DenalJa
7%
Wer sind deine lieblings Klone?Gree, Cutup, RazorJa
7%

Verteilung der Resultate

Perzentil nach korrekt beantworteten Fragen

Anzahl Personen mit jedem Resultat

Ihre Resultats-Entwicklung

Sie haben dieses Quiz noch nicht gespielt